00608 2200229 4500001002100000005001700021008004100038020001800079035002400097040001200121082001100133090001700144100002800161245004100189250001100230260003100241300002700272500003100299650002100330850001200351990001500363YOGYA-0412000000008220120416192726.0 ind  a979-413-043-5 0010-041200000000082 aYOPDYOG a808.06 a808.06 Wid S aWIDYAMARTAYA, A., 1942- aSeni menerjemahkancA. Widyamartaya. aCet.5. aYogyakartabKanisiusc1989 a142 hlm.bilus.c21 cm aBibliografi : hlm. 140-142 aTeknik penulisan aYOPDYOG a89020-P/96